000 00462nam a2200181Ia 4500
003 GCL
008 140319s9999 xx 000 0 aRus d
040 _aGCL /
_cGCL
082 0 4 _a860
_bZ H
100 1 _aZAMBRANO, MARIA
245 1 0 _aHACIA UN SABER SOBRE EL ALMA /
_cZAMBRANO, MARIA
260 _a[S.N] :
_bALIANZA EDITORIAL ،
_c1987
300 _a201
650 0 4 _aLITERATURE
650 0 4 _aPHILOSOPHY
650 0 4 _aSPANISH LITERATURE
942 _2ddc
_cBK
999 _c25455
_d25455